LEADER 01074nam a2200265 u 4500 001 000000043674 003 CaOOAMICUS 005 20070226114450.0 008 990412s1955 it ad u000 u ita u 035 $a10819587 040 $aPUL(R)$bita 041 1 $aita$heng 100 1 $aBarnes, Ralph M.$0(OLS)http://pul/name/31934 240 10$aMotion and time study.$lItaliano.$0(OLS)http://pul/title/58909 245 10$aStudio dei movimenti e dei tempi /$cRalph M. Barnes. 260 $aMilano :$bEdizioni di Comunità,$c1955. 300 $aviii, 396 p., [2] c. di tav. :$bill., diagr. ;$c25 cm 500 $aContiene indici. 504 $aBibliografia in nota. 650 4$aFisica$xStudi.$0(OLS)http://pul/subject/19193 850 $aPUL 852 $aPUL$W1$xDP1 Cons. Gen., Altre Classi 1$y22$m43 C 10$j58851$nBK-PRI$b $qStampati$B58851$CPULBib$Z2$F58851 $H $81 941 1 $a8 996 $6245$aStudio dei movimenti e dei tempi$9(OLS)http://pul/title/58910 996 $6260$aMilano :$bEdizioni di Comunità$9(OLS)http://pul/publisher/48252 LEADER 01464nam a2200313 u 4500 001 000000080499 003 CaOOAMICUS 005 20070226123644.0 008 041210s2002 gau u000 u eng u 020 $a1589830350 035 $a11018526 040 $aPUL$bita 245 00$aBeyond Babel :$ba handbook for biblical hebrew and related languages /$cedited by John Kaltner and Steven L. McKenzie. 260 $aAtlanta :$bSociety of Biblical Literature,$cc2002. 300 $axiii, 241 p. ;$c22 cm 490 1 $aResources for biblical study ;$v42 504 $aBibliografia in nota. 630 04$aBiblia.$pV.T.$0(OLS)http://pul/subject/1661 650 4$aFilologia semitica.$0(OLS)http://pul/subject/15201 651 4$aMedio Oriente$xLinguaggi.$0(OLS)http://pul/subject/27918 700 1 $aMcKenzie, Steven L.$0(OLS)http://pul/name/53651 700 1 $aKaltner, John.$0(OLS)http://pul/name/53650 830 0$aResources for biblical study (Society of Biblical Literature) ;$v42.$0(OLS)http://pul/title/31791 850 $aPUL 852 $aPUL$W1$xSL Religione 1$y3$m5 P 2.42$j102844$nBK-PRI$qStampati$B102844$CPULBib$Z2$F102844 $HPUL96570 $82 941 1 $a8 996 $6020$a1589830350$9(OLS)http://pul/number/106512 996 $6245$aBeyond Babel :$ba handbook for biblical hebrew and related languages$9(OLS)http://pul/title/105425 996 $6260$aAtlanta :$bSociety of Biblical Literature$9(OLS)http://pul/publisher/68936